00564nam a2200145Ia 4500008004100000041000800041082001200049100001700061245008200078260003100160300000800191906003900199999001900238952016100257230511s1999 xx 000 0 und d aeng a346.052 aDivekar G M  aLaw of Hindu Co-Parcenary with Commentary on the Hindu Succession State Act  aPunebHind Law Housec1999 a266 aFamily Law - Succession - India  c351541d351541 00104070aNLKbNLKc4/6/Ad2023-05-11eBharati Madhyavarti Sahakari Grahak Bhandar Ltd.g180.00l0o346.052pNLK-7561r2023-05-11 00:00:00w2023-05-11yTB